000 00329nam a2200097Ia 4500
008 220120s9999||||xx |||||||||||||| ||und||
100 _aPoornima, H.S and Veena, P
_912230
245 0 _aTracking policeman using RF proximity card
260 _aCoorg Institute of Technology
_bPonnampet
_c2010
650 _aELECTRONICS AND COMMUNICATIONS
999 _c137816
_d137816